Abeceda obchodu

Vnútropodnikové opatrenia pred exportnou činnosťou. Platobné podmienky v zahraničnom obchode, hlavné formy platieb.

Salvato in:
Dettagli Bibliografici
Autore principale: Bezemek, Jan
Natura: Capitolo di libro
Lingua:ceco
Soggetti:
Tags: Aggiungi Tag
Nessun Tag, puoi essere il primo ad aggiungerne!!

MARC

LEADER 00000naa$a2200000$$$4500
001 0005941
005 20230908091042.1
041 0 |a cze 
044 |a CZ 
245 1 0 |a Abeceda obchodu  |c Jan Bezemek 
520 |a Vnútropodnikové opatrenia pred exportnou činnosťou. Platobné podmienky v zahraničnom obchode, hlavné formy platieb. 
610 2 0 |a styk zahraničnoobchodný 
610 2 0 |a technika obchodná 
610 2 0 |a platby obchodné 
610 2 0 |a podmienky platobné 
100 1 |a Bezemek, Jan